[Event "Montcalm 6 2024-25"]
[Site "Quebec CAN"]
[Date "2025.04.10"]
[Round "3"]
[White "Yergeau, Samuel"]
[Black "Gagnon, Alain"]
[Result "0-1"]
[WhiteElo "1354"]
[BlackElo "1627"]
[WhiteFideId "-1"]
[WhiteFideId "-1"]
[PlyCount "54"]
[GameId "2166194220710481"]
[EventDate "2025.03.27"]
[EventType "swiss"]
[EventRounds "5"]
[EventCountry "CAN"]

1. e4 c6 2. d4 d5 3. exd5 cxd5 4. Nf3 Bg4 5. c3 Nc6 6. Bf4 e6 7. Nbd2 Bd6 8. Bxd6 Qxd6 9. Qb3 Bxf3 10. Nxf3 Rb8 11. Bb5 a6 12. Bd3 Nf6 13. O-O O-O 14. Qb6 Nd7 15. Qb3 h6 16. Rfe1 b5 17. Re3 Na5 18. Qc2 Nc4 19. Re2 Rfc8 20. a3 a5 21. Qc1 b4 22. b3 Nxa3 23. c4 dxc4 24. bxc4 Nc5 25. Rxa3 bxa3 26. Qxa3 Rb3 27. Qxa5 Nxd3 0-1

[Event "Montcalm 6 2024-25"]
[Site "Quebec CAN"]
[Date "2025.04.17"]
[Round "4"]
[White "Barrera, Eduardo"]
[Black "Bourassa, Samuel"]
[Result "1-0"]
[WhiteElo "1952"]
[BlackElo "1952"]
[WhiteFideId "-1"]
[WhiteFideId "-1"]
[PlyCount "61"]
[GameId "2169050569216129"]
[EventDate "2025.03.27"]
[EventType "swiss"]
[EventRounds "5"]
[EventCountry "CAN"]

1. e4 c5 2. Nf3 Nc6 3. d4 cxd4 4. Nxd4 g6 5. c4 Bg7 6. Be3 Nf6 7. Nc3 O-O 8. Be2 a6 9. Qd2 Qc7 10. Rc1 e6 11. O-O Rd8 12. Rfd1 Ne5 13. Bf4 d6 14. Bxe5 dxe5 15. Ndb5 Rxd2 16. Nxc7 Rxd1+ 17. Rxd1 Rb8 18. Rd8+ Bf8 19. Na4 Nd7 20. Ne8 Be7 21. Nf6+ Kg7 22. Nxd7 Bxd8 23. Nxb8 Bc7 24. c5 Bxb8 25. Nb6 Ba7 26. Nxc8 Bxc5 27. b4 Bxb4 28. Nb6 Bc5 29. Nc4 Bd4 30. Na5 b5 31. Nc6 1-0

[Event "Montcalm 6 2024-25"]
[Site "Quebec CAN"]
[Date "2025.04.17"]
[Round "4"]
[White "Berube, Antoine"]
[Black "Auger, Bertrand"]
[Result "1-0"]
[WhiteElo "2158"]
[BlackElo "1835"]
[WhiteFideId "-1"]
[WhiteFideId "-1"]
[PlyCount "43"]
[GameId "2169050567745664"]
[EventDate "2025.03.27"]
[EventType "swiss"]
[EventRounds "5"]
[EventCountry "CAN"]

1. d4 f5 2. g3 g6 3. Bg2 Nf6 4. Nf3 Bg7 5. O-O O-O 6. c4 d6 7. Nc3 Qe8 8. b3 Na6 9. Ba3 c5 10. Bb2 Bd7 11. d5 Ne4 12. Qc1 Nc7 13. Nxe4 fxe4 14. Ng5 e3 15. f4 Bd4 16. Bxd4 cxd4 17. Qd1 e5 18. dxe6 Bxe6 19. Qxd4 Bg4 20. h3 h6 21. hxg4 hxg5 22. Qxd6 1-0

[Event "Montcalm 6 2024-25"]
[Site "Quebec CAN"]
[Date "2025.04.17"]
[Round "4"]
[White "Burigusa, Guillaume"]
[Black "Bergeron, Nicolas"]
[Result "0-1"]
[WhiteElo "1162"]
[BlackElo "1676"]
[WhiteFideId "-1"]
[WhiteFideId "-1"]
[PlyCount "94"]
[GameId "2169050569228428"]
[EventDate "2025.03.27"]
[EventType "swiss"]
[EventRounds "5"]
[EventCountry "CAN"]

1. e4 c5 2. Nf3 d6 3. d4 cxd4 4. Nxd4 Nf6 5. Nc3 a6 6. Bc4 e6 7. O-O b5 8. Bb3 Be7 9. Bg5 O-O 10. Re1 Qc7 11. Bf4 e5 12. Bg3 exd4 13. Qxd4 Nc6 14. Qd1 Ne5 15. Bxe5 dxe5 16. Nd5 Nxd5 17. Bxd5 Bb7 18. c3 Rfd8 19. Qf3 Bxd5 20. exd5 Rac8 21. Rad1 b4 22. Rd3 bxc3 23. Rxc3 Qa5 24. Rd1 Rxc3 25. bxc3 Qxa2 26. g3 Qc4 27. d6 Bf8 28. d7 e4 29. Qf4 Qxc3 30. Qxe4 Qb3 31. Qg4 a5 32. Re1 Qb4 33. Qd1 Rxd7 34. Qc1 Qd2 35. Qxd2 Rxd2 36. Re8 a4 37. Ra8 a3 38. Kf1 Rb2 39. Kg2 a2 40. h4 f6 41. g4 Kf7 42. h5 Bc5 43. Ra5 Rxf2+ 44. Kh3 Rf3+ 45. Kg2 Ra3 46. Rxc5 a1=Q 47. Rc7+ Ke6 0-1

[Event "Montcalm 6 2024-25"]
[Site "Quebec CAN"]
[Date "2025.04.17"]
[Round "4"]
[White "Demushkina, Alina"]
[Black "Laflamme, Simon"]
[Result "1/2-1/2"]
[WhiteElo "1684"]
[BlackElo "1855"]
[WhiteFideId "-1"]
[WhiteFideId "-1"]
[PlyCount "58"]
[GameId "2169050569220228"]
[EventDate "2025.03.27"]
[EventType "swiss"]
[EventRounds "5"]
[EventCountry "CAN"]

1. e4 c6 2. d4 d5 3. Nc3 dxe4 4. Nxe4 Bf5 5. Ng3 Bg6 6. Nf3 Nd7 7. Bd3 e6 8. Bf4 Qa5+ 9. c3 Ngf6 10. Bxg6 hxg6 11. Qb3 Qb6 12. Qxb6 Nxb6 13. Nf1 Nbd5 14. Bc1 Bd6 15. g3 O-O 16. Ne3 c5 17. O-O cxd4 18. Nxd4 Rac8 19. Nxd5 Nxd5 20. Nc2 Bc5 21. Re1 Rfd8 22. Ne3 Nxe3 23. Bxe3 Bxe3 24. Rxe3 Rd2 25. Rb1 Rcd8 26. Kf1 Rc2 27. Re2 Rdd2 28. Rxd2 Rxd2 29. Kg2 g5 1/2-1/2

[Event "Montcalm 6 2024-25"]
[Site "Quebec CAN"]
[Date "2025.04.17"]
[Round "4"]
[White "Dube, Dominic"]
[Black "Fortin, Claude"]
[Result "1-0"]
[WhiteElo "1807"]
[BlackElo "1471"]
[WhiteFideId "-1"]
[WhiteFideId "-1"]
[PlyCount "51"]
[GameId "2169050569224330"]
[EventDate "2025.03.27"]
[EventType "swiss"]
[EventRounds "5"]
[EventCountry "CAN"]

1. e4 c5 2. Nf3 Nc6 3. d4 cxd4 4. Nxd4 d6 5. c4 g6 6. Nc3 Bg7 7. Be3 Nf6 8. Be2 O-O 9. O-O Bd7 10. f4 Nxd4 11. Bxd4 Bc6 12. Bf3 Nd7 13. Bxg7 Kxg7 14. Kh1 f5 15. exf5 Bxf3 16. Qxf3 Rxf5 17. Qxb7 Nc5 18. Qf3 e5 19. Qe3 exf4 20. Rxf4 Rxf4 21. Qxf4 Qf6 22. Qxf6+ Kxf6 23. Nb5 Nb7 24. Re1 a6 25. Nc7 a5 26. Nxa8 1-0

[Event "Montcalm 6 2024-25"]
[Site "Quebec CAN"]
[Date "2025.04.17"]
[Round "4"]
[White "Fecteau, Martin"]
[Black "Hasbun, Merick"]
[Result "0-1"]
[WhiteElo "1789"]
[BlackElo "1470"]
[WhiteFideId "-1"]
[WhiteFideId "-1"]
[PlyCount "100"]
[GameId "2169050569224326"]
[EventDate "2025.03.27"]
[EventType "swiss"]
[EventRounds "5"]
[EventCountry "CAN"]

1. e4 c6 2. d4 d5 3. e5 c5 4. c3 Nc6 5. Nf3 cxd4 6. cxd4 Bg4 7. Be2 e6 8. O-O Nge7 9. Nc3 Nf5 10. Be3 Be7 11. h3 Bxf3 12. Bxf3 Bg5 13. Qd2 Bxe3 14. fxe3 Qg5 15. Nb5 O-O 16. Qf2 Qxe3 17. Rfd1 Qxf2+ 18. Kxf2 a6 19. g4 axb5 20. gxf5 Ra4 21. Ke3 Rfa8 22. fxe6 fxe6 23. Bg4 Kf7 24. a3 b4 25. Rd3 Na5 26. Rf1+ Ke7 27. Ke2 bxa3 28. bxa3 Nc6 29. Rb1 Nxd4+ 30. Kf2 b5 31. Rc1 Kd7 32. Bd1 Nc6 33. Bxa4 Rxa4 34. Re1 Rf4+ 35. Kg3 Rf5 36. Rb1 Nxe5 37. Rdb3 g5 38. Rxb5 Rf3+ 39. Kg2 Rxa3 40. Rb7+ Kd6 41. R1b6+ Nc6 42. Rxh7 Kc5 43. Rb2 d4 44. Rh5 d3 45. Rxg5+ Kd4 46. Kh2 e5 47. h4 e4 48. h5 e3 49. h6 Ra8 50. Rbb5 e2 0-1

[Event "Montcalm 6 2024-25"]
[Site "Quebec CAN"]
[Date "2025.04.17"]
[Round "4"]
[White "Gagne, Louis"]
[Black "Mungroo, Dharmein"]
[Result "0-1"]
[WhiteElo "1216"]
[BlackElo "1503"]
[WhiteFideId "-1"]
[WhiteFideId "-1"]
[PlyCount "84"]
[GameId "2169050569228430"]
[EventDate "2025.03.27"]
[EventType "swiss"]
[EventRounds "5"]
[EventCountry "CAN"]

1. e4 b5 2. d4 Bb7 3. Bd3 Nf6 4. Nd2 e6 5. b3 g6 6. Bb2 Bg7 7. Qe2 a6 8. Ngf3 O-O 9. e5 Nd5 10. c3 Nf4 11. Qf1 Nxd3+ 12. Qxd3 Nc6 13. O-O Ne7 14. Rfe1 Nf5 15. Nf1 Rc8 16. Bc1 h6 17. N1d2 Re8 18. Ne4 d6 19. Bd2 dxe5 20. g4 Nh4 21. g5 Nxf3+ 22. Qxf3 h5 23. Qd3 exd4 24. Rac1 c5 25. f4 c4 26. Qg3 d3 27. b4 Qd5 28. Re3 Qd8 29. a3 Bxe4 30. Rxe4 Qd5 31. Rce1 Qf5 32. h4 Red8 33. Kf1 Rd5 34. Qf3 Rcd8 35. R1e3 Bxc3 36. Bxc3 d2 37. Qd1 Rd3 38. Rxd3 Rxd3 39. Ke2 Qxe4+ 40. Kf2 Qxf4+ 41. Kg2 Rg3+ 42. Kh2 Qxh4# 0-1

[Event "Montcalm 6 2024-25"]
[Site "Quebec CAN"]
[Date "2025.04.17"]
[Round "4"]
[White "Gaulin, Gaetan"]
[Black "Dumont, Eric"]
[Result "1/2-1/2"]
[WhiteElo "1859"]
[BlackElo "1695"]
[WhiteFideId "-1"]
[WhiteFideId "-1"]
[PlyCount "92"]
[GameId "2169050569220227"]
[EventDate "2025.03.27"]
[EventType "swiss"]
[EventRounds "5"]
[EventCountry "CAN"]

1. Nf3 d5 2. g3 Nf6 3. Bg2 c6 4. b3 Bf5 5. Bb2 Nbd7 6. d4 h6 7. Nbd2 e6 8. O-O Be7 9. c4 O-O 10. Ne5 Re8 11. Ndf3 Be4 12. Qd2 a5 13. c5 Nxe5 14. Nxe5 Bxg2 15. Kxg2 Ne4 16. Qc2 Qc7 17. f3 Nf6 18. e4 Nd7 19. exd5 exd5 20. Nd3 Bf6 21. Rfe1 Nf8 22. Nf2 Qd7 23. Ng4 Bg5 24. h4 Bf6 25. Nxf6+ gxf6 26. Qd2 Qf5 27. Bc3 Kg7 28. Rxe8 Rxe8 29. Bxa5 Ne6 30. Bc3 Ra8 31. a4 Re8 32. Re1 h5 33. b4 Rg8 34. Rf1 Kh7 35. Kh2 Qg6 36. Qe1 Qc2+ 37. Rf2 Qxa4 38. Qb1+ Rg6 39. Qf5 Ng7 40. Qb1 Qb5 41. Qf1 Qxf1 42. Rxf1 Ne6 43. Rb1 Nc7 44. Be1 Nb5 45. Bf2 f5 46. Re1 Re6 1/2-1/2

[Event "Montcalm 6 2024-25"]
[Site "Quebec CAN"]
[Date "2025.04.17"]
[Round "4"]
[White "Lapierre, Gaetan"]
[Black "Boissinot, Claude"]
[Result "1-0"]
[WhiteElo "1704"]
[BlackElo "1431"]
[WhiteFideId "-1"]
[WhiteFideId "-1"]
[PlyCount "85"]
[GameId "2169050569224327"]
[EventDate "2025.03.27"]
[EventType "swiss"]
[EventRounds "5"]
[EventCountry "CAN"]

1. c4 Nf6 2. d4 e6 3. Nf3 b6 4. g3 Bb7 5. Bg2 Be7 6. O-O O-O 7. Bf4 d5 8. Ne5 Nh5 9. Nc3 Nxf4 10. gxf4 f6 11. Nd3 c6 12. f5 dxc4 13. Nf4 Bc8 14. Nxe6 Bxe6 15. fxe6 f5 16. d5 Bd6 17. dxc6 Qc7 18. Nd5 Bxh2+ 19. Kh1 Qd6 20. e7 Qh6 21. Nf6+ gxf6 22. Qd5+ Kg7 23. exf8=Q+ Kxf8 24. Qxf5 Be5+ 25. Qh3 Qxh3+ 26. Bxh3 Nxc6 27. Bg2 Rc8 28. Rab1 Ke7 29. e3 b5 30. f4 Bd6 31. Bxc6 Rxc6 32. Kg2 a5 33. Rh1 b4 34. Rxh7+ Ke6 35. Rh5 Bc5 36. Kf3 Bb6 37. Rb5 c3 38. f5+ Kd6 39. bxc3 Kc7 40. cxb4 Rc3 41. Rb3 Rxb3 42. axb3 Kc6 43. Rxb6+ 1-0

[Event "Montcalm 6 2024-25"]
[Site "Quebec CAN"]
[Date "2025.04.17"]
[Round "4"]
[White "Michaud, Jacques"]
[Black "Mercure, Gilbert"]
[Result "0-1"]
[WhiteElo "1488"]
[BlackElo "1807"]
[WhiteFideId "-1"]
[WhiteFideId "-1"]
[PlyCount "82"]
[GameId "2169050569224331"]
[EventDate "2025.03.27"]
[EventType "swiss"]
[EventRounds "5"]
[EventCountry "CAN"]

1. Nf3 Nc6 2. d4 d5 3. Bg5 f6 4. Bf4 e6 5. e3 a6 6. Bd3 Bb4+ 7. c3 Bd6 8. Bg3 Nge7 9. O-O Nf5 10. Nh4 O-O 11. Nxf5 exf5 12. Qf3 Ne7 13. c4 c6 14. Nc3 Be6 15. cxd5 cxd5 16. Rac1 b5 17. Ne2 g5 18. Bxd6 Qxd6 19. Qg3 Qxg3 20. Nxg3 Rfc8 21. Rc5 Kf7 22. Rfc1 Kg6 23. Rc7 Re8 24. R1c5 h5 25. Rb7 Rac8 26. Rcc7 Rxc7 27. Rxc7 h4 28. Ne2 Kf7 29. Ra7 Bc8 30. Nc3 Ke6 31. Rc7 Kd6 32. Rc5 Bb7 33. b4 f4 34. a4 fxe3 35. fxe3 bxa4 36. Nxa4 Nc6 37. b5 axb5 38. Bxb5 Rxe3 39. Kf2 Ra3 40. Nc3 Nxd4 41. Be2 Kxc5 0-1

[Event "Montcalm 6 2024-25"]
[Site "Quebec CAN"]
[Date "2025.04.17"]
[Round "4"]
[White "Oliver, Vance"]
[Black "Fleury, Dominic"]
[Result "0-1"]
[WhiteElo "1430"]
[BlackElo "1325"]
[WhiteFideId "-1"]
[WhiteFideId "-1"]
[PlyCount "28"]
[GameId "2169050569228429"]
[EventDate "2025.03.27"]
[EventType "swiss"]
[EventRounds "5"]
[EventCountry "CAN"]

1. e4 e5 2. Nf3 Nf6 3. Nxe5 d6 4. Nf3 Nxe4 5. d4 d5 6. Bd3 Bd6 7. Nbd2 O-O 8. O-O Re8 9. Re1 Bf5 10. Nf1 Nd7 11. Ne3 Be6 12. c4 c6 13. c5 Bc7 14. Kh1 Nxf2+ 0-1

[Event "Montcalm 6 2024-25"]
[Site "Quebec CAN"]
[Date "2025.04.17"]
[Round "4"]
[White "Pepin, Pierre-Luc"]
[Black "Yergeau, Samuel"]
[Result "0-1"]
[WhiteElo "1015"]
[BlackElo "1354"]
[WhiteFideId "-1"]
[WhiteFideId "-1"]
[PlyCount "32"]
[GameId "2169050569228431"]
[EventDate "2025.03.27"]
[EventType "swiss"]
[EventRounds "5"]
[EventCountry "CAN"]

1. c4 e5 2. Nf3 Nc6 3. d3 Bb4+ 4. Bd2 Bxd2+ 5. Qxd2 Nf6 6. Qg5 O-O 7. Nxe5 Nd4 8. Qd2 d6 9. Nf3 Nxf3+ 10. gxf3 Bf5 11. Nc3 c6 12. Qg5 Bg6 13. c5 h6 14. Qe3 Re8 15. Qd4 dxc5 16. Qxc5 Qxd3 0-1

[Event "Montcalm 6 2024-25"]
[Site "Quebec CAN"]
[Date "2025.04.17"]
[Round "4"]
[White "Perreault, Jacquelin"]
[Black "Duguay-Piron, Simon"]
[Result "0-1"]
[WhiteElo "1799"]
[BlackElo "1897"]
[WhiteFideId "-1"]
[WhiteFideId "-1"]
[PlyCount "42"]
[GameId "2169050569224328"]
[EventDate "2025.03.27"]
[EventType "swiss"]
[EventRounds "5"]
[EventCountry "CAN"]

1. e4 c5 2. Nf3 Nc6 3. d4 cxd4 4. Nxd4 g6 5. Be3 Bg7 6. Qd2 Nf6 7. f3 O-O 8. Nc3 d5 9. Nxd5 Nxd5 10. Nxc6 bxc6 11. exd5 cxd5 12. c3 e5 13. Be2 d4 14. cxd4 exd4 15. Rd1 Re8 16. O-O Qe7 17. Bxd4 Bxd4+ 18. Qxd4 Qxe2 19. Rfe1 Qxe1+ 20. Rxe1 Rxe1+ 21. Kf2 Re8 0-1

[Event "Montcalm 6 2024-25"]
[Site "Quebec CAN"]
[Date "2025.04.17"]
[Round "4"]
[White "Plante, Rejean"]
[Black "Fahmi, Adam"]
[Result "1/2-1/2"]
[WhiteElo "1991"]
[BlackElo "1641"]
[WhiteFideId "-1"]
[WhiteFideId "-1"]
[PlyCount "49"]
[GameId "2169050569220226"]
[EventDate "2025.03.27"]
[EventType "swiss"]
[EventRounds "5"]
[EventCountry "CAN"]

1. Nf3 Nf6 2. c4 e6 3. g3 d5 4. d4 Be7 5. Bg2 O-O 6. O-O dxc4 7. Nc3 c5 8. dxc5 Bxc5 9. Ne5 Qe7 10. Qa4 a6 11. Qxc4 b5 12. Qh4 Bb7 13. e4 Qc7 14. Bf4 Bd6 15. Ng4 Nxg4 16. Bxd6 Qxd6 17. Qxg4 Nc6 18. Rfd1 Qb4 19. Rab1 Ne5 20. Qe2 Rfd8 21. Rxd8+ Rxd8 22. Rd1 Rd4 23. f4 Qc5 24. Kh1 Nc4 25. e5 1/2-1/2

[Event "Montcalm 6 2024-25"]
[Site "Quebec CAN"]
[Date "2025.04.17"]
[Round "4"]
[White "Savard, Alexandre"]
[Black "Gagnon, Alain"]
[Result "1-0"]
[WhiteElo "1812"]
[BlackElo "1627"]
[WhiteFideId "-1"]
[WhiteFideId "-1"]
[PlyCount "53"]
[GameId "2169050569224329"]
[EventDate "2025.03.27"]
[EventType "swiss"]
[EventRounds "5"]
[EventCountry "CAN"]

1. c4 c5 2. g3 Nc6 3. Bg2 b6 4. e3 Bb7 5. d4 cxd4 6. exd4 Rb8 7. Bf4 d6 8. d5 Ne5 9. Qe2 Qc7 10. Na3 a6 11. Bxe5 dxe5 12. Nf3 f6 13. O-O Nh6 14. Rac1 e6 15. dxe6 Bxa3 16. bxa3 Qc6 17. Rfd1 Qxe6 18. Nd4 Qc8 19. Qh5+ Nf7 20. Bh3 g6 21. Qh4 f5 22. Qf6 Qd8 23. Qg7 Qe7 24. Bxf5 gxf5 25. Nxf5 Qf8 26. Qf6 Rg8 27. Qe6+ 1-0

[Event "Montcalm 6 2024-25"]
[Site "Quebec CAN"]
[Date "2025.04.17"]
[Round "4"]
[White "Tremblay, Noah"]
[Black "Sauve, Richard"]
[Result "1/2-1/2"]
[WhiteElo "1646"]
[BlackElo "1832"]
[WhiteFideId "-1"]
[WhiteFideId "-1"]
[PlyCount "102"]
[GameId "2169050569220229"]
[EventDate "2025.03.27"]
[EventType "swiss"]
[EventRounds "5"]
[EventCountry "CAN"]

1. e4 e6 2. Nf3 d5 3. Nc3 Nf6 4. e5 Nfd7 5. d4 c5 6. dxc5 Nc6 7. Bf4 Bxc5 8. Bd3 f6 9. exf6 Nxf6 10. O-O O-O 11. Bg5 a6 12. Bxf6 Qxf6 13. a3 Bd7 14. Qd2 Nd4 15. Nxd4 Bxd4 16. Rad1 Ba7 17. Kh1 Bc6 18. f4 Rad8 19. Qe2 Bb8 20. Rde1 Rde8 21. Qg4 Qh6 22. Ne2 e5 23. Bf5 exf4 24. Rf3 Qf6 25. Bd3 Re7 26. Rh3 h6 27. Qh5 Rfe8 28. Rf1 Bb5 29. Qxd5+ Qe6 30. Qxe6+ Rxe6 31. c4 Bc6 32. Nd4 Re3 33. Nxc6 Rxh3 34. gxh3 bxc6 35. Rf2 Re3 36. Bf5 Kf7 37. Bg4 g6 38. Re2 Rxe2 39. Bxe2 Be5 40. b4 Bb2 41. a4 Bc3 42. b5 cxb5 43. cxb5 axb5 44. axb5 Bd4 45. Kg2 Kf6 46. Bd3 g5 47. Be2 Ke5 48. Bf3 Bb6 49. Be2 Ke4 50. Bf3+ Ke3 51. Bg4 Kd4 1/2-1/2

[Event "Montcalm 6 2024-25"]
[Site "Quebec CAN"]
[Date "2025.04.24"]
[Round "5"]
[White "Bergeron, Nicolas"]
[Black "Fleury, Dominic"]
[Result "1-0"]
[WhiteElo "1676"]
[BlackElo "1325"]
[WhiteFideId "-1"]
[WhiteFideId "-1"]
[PlyCount "47"]
[GameId "2172342674242321"]
[EventDate "2025.03.27"]
[EventType "swiss"]
[EventRounds "5"]
[EventCountry "CAN"]

1. d4 d5 2. c4 e6 3. Nf3 Nf6 4. g3 Be7 5. Bg2 O-O 6. O-O c5 7. cxd5 Nxd5 8. Nc3 Nc6 9. e4 Nxc3 10. bxc3 cxd4 11. cxd4 b6 12. Be3 Bb7 13. Rc1 Bb4 14. Qa4 Ba5 15. Rxc6 Bxc6 16. Qxc6 Rc8 17. Qa4 h6 18. Ne5 Qe8 19. Qb3 Rc3 20. Qb2 Qa4 21. d5 Rfc8 22. Nc6 exd5 23. exd5 Ra3 24. Ne7+ 1-0

[Event "Montcalm 6 2024-25"]
[Site "Quebec CAN"]
[Date "2025.04.24"]
[Round "5"]
[White "Berube, Antoine"]
[Black "Barrera, Eduardo"]
[Result "1-0"]
[WhiteElo "2158"]
[BlackElo "1952"]
[WhiteFideId "-1"]
[WhiteFideId "-1"]
[PlyCount "109"]
[GameId "2172342674172681"]
[EventDate "2025.03.27"]
[EventType "swiss"]
[EventRounds "5"]
[EventCountry "CAN"]

1. d4 d5 2. c4 e6 3. Nf3 Nf6 4. g3 Be7 5. Bg2 O-O 6. O-O dxc4 7. Qc2 c6 8. Qxc4 b5 9. Qb3 Nbd7 10. Be3 Bb7 11. Rc1 Rc8 12. a4 b4 13. Nbd2 a5 14. Ne5 Nd5 15. Nxd7 Qxd7 16. Ne4 Ba8 17. Nc5 Qd8 18. Rc2 Bf6 19. Rd2 Ne7 20. Rad1 Kh8 21. h4 Nd5 22. Be4 Be7 23. Rc2 Qd6 24. Bg2 h6 25. Bc1 Qd8 26. e4 Nf6 27. Qf3 Bxc5 28. dxc5 Qe7 29. Be3 Rcd8 30. Rcd2 Rxd2 31. Rxd2 Nd7 32. Qh5 Nf6 33. Qd1 Bb7 34. Rd6 e5 35. f3 Rc8 36. Bh3 Rf8 37. Qd2 Bc8 38. Bxc8 Rxc8 39. Qd3 Ne8 40. Rd7 Qf6 41. Kg2 Nc7 42. Rd6 Ne6 43. Qa6 Rg8 44. Qxc6 g5 45. hxg5 hxg5 46. g4 Kg7 47. Bf2 Rh8 48. Bg3 Rh7 49. Qd7 Nxc5 50. Rxf6 Nxd7 51. Rd6 Nc5 52. Bxe5+ f6 53. Bxf6+ Kf7 54. Bd4 Ne6 55. Rd7+ 1-0

[Event "Montcalm 6 2024-25"]
[Site "Quebec CAN"]
[Date "2025.04.24"]
[Round "5"]
[White "Boissinot, Claude"]
[Black "Fecteau, Martin"]
[Result "1/2-1/2"]
[WhiteElo "1431"]
[BlackElo "1789"]
[WhiteFideId "-1"]
[WhiteFideId "-1"]
[PlyCount "84"]
[GameId "2172342674242320"]
[EventDate "2025.03.27"]
[EventType "swiss"]
[EventRounds "5"]
[EventCountry "CAN"]

1. e4 g6 2. d4 Bg7 3. Nf3 d6 4. h3 c5 5. c3 b6 6. Bc4 e6 7. O-O Bd7 8. a4 Qc7 9. Bd3 Nf6 10. Re1 O-O 11. Bf4 Ne8 12. Bc2 e5 13. dxe5 dxe5 14. Bg5 Nc6 15. Na3 a6 16. Qd2 Be6 17. Be3 Nd6 18. Qe2 Na5 19. Nd2 c4 20. Rad1 b5 21. axb5 axb5 22. f3 Rab8 23. Nf1 Nc6 24. Bc5 Rfd8 25. Bxd6 Rxd6 26. Rxd6 Qxd6 27. Rd1 Qc5+ 28. Kh1 b4 29. cxb4 Rxb4 30. Bb1 Bh6 31. Ba2 Nd4 32. Qf2 Qb6 33. Rb1 Bf8 34. Ne3 Qa6 35. Qd2 Ra4 36. Qc3 Bxa3 37. bxa3 Rxa3 38. Rb8+ Kg7 39. Qb4 Rxa2 40. Qf8+ Kf6 41. Qd8+ Kg7 42. Qf8+ Kf6 1/2-1/2

[Event "Montcalm 6 2024-25"]
[Site "Quebec CAN"]
[Date "2025.04.24"]
[Round "5"]
[White "Bourassa, Samuel"]
[Black "Hasbun, Merick"]
[Result "1-0"]
[WhiteElo "1952"]
[BlackElo "1470"]
[WhiteFideId "-1"]
[WhiteFideId "-1"]
[PlyCount "65"]
[GameId "2172342674242315"]
[EventDate "2025.03.27"]
[EventType "swiss"]
[EventRounds "5"]
[EventCountry "CAN"]

1. e4 c6 2. Nc3 d5 3. Nf3 dxe4 4. Nxe4 Nf6 5. Nxf6+ exf6 6. d4 Bd6 7. Be3 O-O 8. Qd3 Re8 9. Be2 Nd7 10. O-O-O Qa5 11. Kb1 Nb6 12. Bd2 Bb4 13. a3 Bxd2 14. Nxd2 Nd5 15. Bf3 Be6 16. Nb3 Qd8 17. Nc5 Bc8 18. c4 Nf4 19. Qd2 Ne6 20. Ne4 Qc7 21. d5 cxd5 22. cxd5 Nc5 23. d6 Nxe4 24. Bxe4 Qd7 25. Rhe1 f5 26. Bf3 Rxe1 27. Rxe1 Qb5 28. Re7 Bd7 29. Bd5 Be6 30. d7 Kf8 31. Rxe6 fxe6 32. Bxe6 Rd8 33. Qd6# 1-0

[Event "Montcalm 6 2024-25"]
[Site "Quebec CAN"]
[Date "2025.04.24"]
[Round "5"]
[White "Duguay-Piron, Simon"]
[Black "Savard, Alexandre"]
[Result "1/2-1/2"]
[WhiteElo "1897"]
[BlackElo "1812"]
[WhiteFideId "-1"]
[WhiteFideId "-1"]
[PlyCount "35"]
[GameId "2172342674242316"]
[EventDate "2025.03.27"]
[EventType "swiss"]
[EventRounds "5"]
[EventCountry "CAN"]

1. e4 c5 2. Nf3 d6 3. d4 cxd4 4. Nxd4 Nf6 5. Nc3 a6 6. Rg1 e5 7. Nb3 Be6 8. g4 d5 9. exd5 Nxd5 10. Nxd5 Qxd5 11. Qxd5 Bxd5 12. Be3 Nc6 13. O-O-O Bf3 14. Rd2 Be7 15. Bg2 Bxg2 16. Rxg2 Rd8 17. Nc5 Nd4 18. Nxb7 1/2-1/2

[Event "Montcalm 6 2024-25"]
[Site "Quebec CAN"]
[Date "2025.04.24"]
[Round "5"]
[White "Fahmi, Adam"]
[Black "Auger, Bertrand"]
[Result "1-0"]
[WhiteElo "1641"]
[BlackElo "1835"]
[WhiteFideId "-1"]
[WhiteFideId "-1"]
[PlyCount "69"]
[GameId "2172342674242314"]
[EventDate "2025.03.27"]
[EventType "swiss"]
[EventRounds "5"]
[EventCountry "CAN"]

1. d4 Nf6 2. c4 e6 3. g3 d5 4. Bg2 Be7 5. Nf3 O-O 6. O-O b6 7. Qc2 Bb7 8. Ne5 c5 9. dxc5 Bxc5 10. cxd5 exd5 11. Nc3 Nbd7 12. Nd3 Rc8 13. Nxc5 Nxc5 14. Bg5 Nce4 15. Bxf6 Qxf6 16. Bxe4 dxe4 17. Qa4 Qe6 18. Qxa7 Bc6 19. Rfd1 h5 20. Qxb6 h4 21. Qe3 f5 22. Qf4 hxg3 23. hxg3 Rf6 24. e3 Kh8 25. Kg2 Kg8 26. Rd2 Be8 27. Rad1 Rc6 28. Nd5 Rh6 29. Qxf5 Bh5 30. g4 Qxf5 31. Ne7+ Kh7 32. Nxf5 Bxg4 33. Nxh6 Bf3+ 34. Kg3 Rxh6 35. Rc1 1-0

[Event "Montcalm 6 2024-25"]
[Site "Quebec CAN"]
[Date "2025.04.24"]
[Round "5"]
[White "Gagne, Louis"]
[Black "Michaud, Jacques"]
[Result "0-1"]
[WhiteElo "1216"]
[BlackElo "1488"]
[WhiteFideId "-1"]
[WhiteFideId "-1"]
[PlyCount "120"]
[GameId "2172342674242325"]
[EventDate "2025.03.27"]
[EventType "swiss"]
[EventRounds "5"]
[EventCountry "CAN"]

1. e4 c5 2. Nc3 d6 3. g3 Nf6 4. Bg2 Nc6 5. d3 g6 6. Nge2 Bg7 7. O-O O-O 8. f4 Bg4 9. h3 Bc8 10. g4 e6 11. Ng3 Ne8 12. g5 Nd4 13. h4 Qc7 14. h5 Bd7 15. Be3 Bc6 16. Qd2 Qa5 17. hxg6 fxg6 18. Rf2 Nc7 19. Raf1 Qb4 20. Qc1 Qa5 21. Bd2 Qb6 22. Bh3 Ncb5 23. f5 exf5 24. exf5 Be5 25. Nge4 Qd8 26. Bf4 Bxf4 27. Rxf4 Nxc3 28. Nxc3 Qxg5+ 29. Kh2 Nxf5 30. Ne4 Bxe4 31. dxe4 Qg3+ 32. Kh1 Qxh3+ 33. Kg1 Qe3+ 34. Kg2 Qxc1 35. Rxc1 Ne3+ 36. Kf3 Rxf4+ 37. Kxf4 Nc4 38. b3 Rf8+ 39. Kg5 Ne5 40. Rd1 Nf7+ 41. Kh4 Re8 42. Re1 d5 43. Kg4 Rxe4+ 44. Rxe4 dxe4 45. Kf4 Nd6 46. Ke5 e3 47. Kxd6 b6 48. Kc6 e2 49. Kb7 e1=Q 50. Kxa7 Qa5+ 51. Kb7 Qxa2 52. c4 Qxb3 53. Kc6 h5 54. Kd5 h4 55. Ke6 Qxc4+ 56. Kf6 Qf7+ 57. Kg5 h3 58. Kh6 h2 59. Kg5 Qf5+ 60. Kh6 h1=Q# 0-1

[Event "Montcalm 6 2024-25"]
[Site "Quebec CAN"]
[Date "2025.04.24"]
[Round "5"]
[White "Gagnon, Alain"]
[Black "Fortin, Claude"]
[Result "1-0"]
[WhiteElo "1627"]
[BlackElo "1471"]
[WhiteFideId "-1"]
[WhiteFideId "-1"]
[PlyCount "63"]
[GameId "2172342674242322"]
[EventDate "2025.03.27"]
[EventType "swiss"]
[EventRounds "5"]
[EventCountry "CAN"]

1. d4 d5 2. Nc3 e6 3. Bf4 Bd7 4. e3 g6 5. Be5 f6 6. Bg3 Bg7 7. Nf3 Ne7 8. h3 O-O 9. Bd3 Bc6 10. Nb5 Bxb5 11. Bxb5 c6 12. Be2 Nd7 13. c3 Qb6 14. Qc2 c5 15. O-O c4 16. a4 a5 17. Rfb1 Qc6 18. b3 cxb3 19. Rxb3 Qc8 20. Rab1 Ra7 21. Bd6 Re8 22. Qb2 b6 23. Bb5 Nc6 24. Rc1 Bf8 25. Bxf8 Kxf8 26. c4 Rc7 27. Rbc3 Ndb8 28. cxd5 exd5 29. Qa3+ Kf7 30. Qd6 Rd8 31. Qf4 Qd7 32. Ne5+ 1-0